|
|
|
|
| LEADER |
00000nam0a2200000 4500 |
| 001 |
41699 |
| 005 |
20231031014626.0 |
| 035 |
|
|
|a (RuTPU)RU\TPU\book\42829
|
| 090 |
|
|
|a 41699
|
| 100 |
|
|
|a 20020627d1977 m y0rusy50 ca
|
| 101 |
0 |
|
|a rus
|
| 102 |
|
|
|a RU
|
| 105 |
|
|
|a a j 001zy
|
| 200 |
1 |
|
|a Техника оптической спектроскопии
|e учебное пособие
|f В. В. Лебедева
|g Под ред. Ф. А. Королева
|
| 210 |
|
|
|a Москва
|c Изд-во МГУ
|d 1977
|
| 215 |
|
|
|a 384 с.
|c ил.
|
| 320 |
|
|
|a Библиогр.: с. 372-379
|
| 610 |
1 |
|
|a физика
|
| 610 |
1 |
|
|a оптика
|
| 610 |
1 |
|
|a спектроскопия
|
| 610 |
1 |
|
|a монохроматоры
|
| 610 |
1 |
|
|a спектрографы
|
| 610 |
1 |
|
|a спектрометры
|
| 610 |
1 |
|
|a лазерная техника
|
| 610 |
1 |
|
|a голография
|
| 610 |
1 |
|
|a электроника
|
| 610 |
1 |
|
|a учебные пособия
|
| 675 |
|
|
|a 535.8(075.8)
|v 3
|
| 700 |
|
1 |
|a Лебедева
|b В. В.
|g Вера Владимировна
|
| 702 |
|
1 |
|a Королев
|b Ф. А.
|4 340
|
| 801 |
|
1 |
|a RU
|b 63413507
|c 20020627
|g PSBO
|
| 801 |
|
2 |
|a RU
|b 63413507
|c 20140226
|g PSBO
|
| 900 |
|
|
|a Оптические материалы и технология
|
| 900 |
|
|
|a Оптико-электронные приборы систем управления
|
| 942 |
|
|
|c BK
|
| 952 |
|
|
|a 510400
|b 010300
|